Normal view
MARC view
- DE-ELECT-32
Entry Topical Term
001 - CONTROL NUMBER
- control field: 71559
003 - CONTROL NUMBER IDENTIFIER
- control field: NUST
005 - DATE AND TIME OF LATEST TRANSACTION
- control field: 20210628204641.0
008 - FIXED-LENGTH DATA ELEMENTS
- fixed length control field: 210628|| aca||aabn | a|a d
040 ## - CATALOGING SOURCE
- Original cataloging agency: NUST
- Transcribing agency: NUST
150 ## - HEADING--TOPICAL TERM
- Topical term or geographic name entry element: DE-ELECT-32
670 ## - SOURCE DATA FOUND
- Source citation: Work cat.: (NUST): MARYUM, MEHREEN,KAMRAN AZIZ 71558, PR-SOF-1331-EMBEDDING VIDEO STREAMING AND IMAGING IN SOFTWARE, 2014
